Owoce cytrusowe - Statystyki

Ogólne statystyki
  • Ten quiz został rozwiązany 91 razy
  • Średni wynik to 4 z 12
Statystyki odpowiedzi
Nazwa naukowa Owoc Główna część
jadalna
Wskazówka % Poprawnych
Citrus × limon Cytryna sok, skórka żółty i kwaśny
100%
Citrus aurantifolia Limonka sok popularna na Florydzie; używana do ciast
93%
Citrus reticulata Mandarynka miąższ, sok popularny w Chinach; często konserwowany
67%
Citrus × paradisi Grejfrut sok, miąższ gorzki; spożywany na śniadanie
46%
Citrus maxima Pomarańcza {olbrzymia} miąższ największy cytrus
25%
Fortunella japonica Kumkwat cały owoc Wielkości jednego kęsa; może krzyżować się z cytrusami
18%
Citrus × latifolia Perska limonka sok zielony i kwaśny
18%
Citrus × sinensis Pomarańcza {słodka} sok, miąższ najpopularniejszy cytrus na świecie
10%
Citrus × aurantium Pomarańcza {gorzka} skórka, olejek eteryczny stosowany w przetworach i perfumach
8%
Citrus medica Cytron skórka kandyzowane, a następnie używane w ciastach owocowych
6%
Citrus × limonia Limetta Rangpur sok, skórka popularny w Bengalu; używany w drinkach mieszanych
3%
Citrus × hystrix Papeda liście, skórka popularny w Tajlandii; używany w curry
3%
Nie znaleziono quizów pasujących do podanych kryteriów
Rozkład punktacji
Procent ludzi z każdym wynikiem
Percentyl według liczby udzielonych odpowiedzi
Twoja historia wyników
Nie rozwiązałeś tego quizu